The Oxford companion to the English language.

Đã lưu trong:
書目詳細資料
格式: 圖書
語言:English
出版: Oxford ; New York : Oxford University Press, 1996.
主題:
標簽: 添加標簽
沒有標簽, 成為第一個標記此記錄!
Thư viện lưu trữ: Mạng thư viện Đại học Đà Nẵng
LEADER 00850cam a2200325 i 4500
001 000045516
003 4700
005 20030227164103.0
008 010220|1996 vm 000 eng
020 |a 0198631367 
040 |a IRC  |c IRC  |d IRC 
041 0 |a eng 
082 1 4 |a 420.3  |b Ox-C 
245 0 4 |a The Oxford companion to the English language. 
260 |a Oxford ; New York :  |b Oxford University Press,  |c 1996. 
300 |a xviii, 1053p. 
630 0 4 |a English language. 
630 0 4 |a Encyclopedias. 
650 0 4 |a English philology  |v Encyclopedias. 
650 0 4 |a Language and languages  |v Encyclopedias. 
OWN |a DUT 
999 |a From the UDN01 
TYP |a Monograph 
TYP |a Printed language 
980 |a Mạng thư viện Đại học Đà Nẵng